Countries with the Most Deaths Caused by All Cancers - Statistics

General Stats
  • This quiz has been taken 23 times
  • The average score is 6 of 15
Answer Stats
Rate Country % Correct
147.81 Poland
90%
147.88 Croatia
67%
157.25 Slovakia
67%
162.44 Hungary
62%
158.43 Serbia
62%
194.38 Mongolia
52%
148.96 North Macedonia
48%
156.12 Papua New Guinea
29%
153.89 Tonga
29%
152.65 Uruguay
29%
159.93 Micronesia
24%
176.62 Kiribati
19%
155.25 Grenada
10%
161.16 Seychelles
10%
167.05 Zimbabwe
10%
No matching quizzes found
Score Distribution
Percent of People with Each Score
Percentile by Number Answered
Your Score History
You have not taken this quiz